000 00561nam a2200181Ia 4500
008 090124s9999 xx 000 0 und d
082 _b29577
100 _aरानडे जयंत
245 _a कोर्ट मॅटर
250 _a1
260 _b"राहूल प्रकाशन, भांडूप, मुंबई"
_c1991
300 _a196
600 _aरानडे जयंत
630 _a कोर्ट मॅटर
700 _aरानडे जयंत
730 _a कोर्ट मॅटर
942 _cBOOK
999 _c94787
_d94787